Los homosexuales vistos por sí mismos y por sus médicos / (Record no. 87497)

MARC details
000 -LEADER
campo de control de longitud fija 00610nam a2200193 i 4500
001 - NÚMERO DE CONTROL
campo de control 87497
003 - IDENTIFICADOR DE NÚMERO DE CONTROL
campo de control ES-MaACL
005 - FECHA Y HORA DE LA ÚLTIMA TRANSACCIÓN
campo de control 20230906175701.0
008 - DATOS DE LONGITUD FIJA--INFORMACIÓN GENERAL
campo de control de longitud fija 041222s1966 sp f |||| | spa d
100 1# - ENTRADA PRINCIPAL--NOMBRE DE PERSONA
Nombre de persona Krich, A. M.
9 (RLIN) 68829
245 14 - MENCIÓN DEL TÍTULO
Título Los homosexuales vistos por sí mismos y por sus médicos /
Mención de responsabilidad, etc. A.M. Krich ; [versión, Tomás D. Maestre].
250 ## - MENCION DE EDICION
Mención de edición 1ª ed.
260 ## - PUBLICACIÓN, DISTRIBUCIÓN, ETC.
Lugar de publicación, distribución, etc. Madrid :
Nombre del editor, distribuidor, etc. Morata,
Fecha de publicación, distribución, etc. [1966]
300 ## - DESCRIPCIÓN FÍSICA
Extensión XVI, 487 p., 1 lám. ;
Dimensiones 21 cm.
650 04 - PUNTO DE ACCESO ADICIONAL DE MATERIA--TÉRMINO DE MATERIA
Término de materia o nombre geográfico como elemento de entrada Homosexualidad.
9 (RLIN) 13469
700 1# - ENTRADA AGREGADA--NOMBRE PERSONAL
Nombre de persona Maestre, Tomás,
Fechas asociadas al nombre 1857-1936
9 (RLIN) 75394
852 ## - LOCALIZACIÓN
Ubicación ES-MaACL
Número de control de estantería C-29067
Holdings
Estatus retirado Estado de pérdida Estado de daño No para préstamo Biblioteca de origen Biblioteca actual Ubicación en estantería Fecha de adquisición Fuente de adquisición Total de préstamos Signatura topográfica completa Código de barras Visto por última vez Precio de reemplazo Tipo de ítem Koha
        Biblioteca del Ateneo de Madrid Biblioteca del Ateneo de Madrid Depósito 2 17/01/2008     C-29067 1091411 23/02/2023 23/02/2023 Libro impreso